| 000 | 00493cam a2200193 4500 | ||
|---|---|---|---|
| 001 | D1129 | ||
| 008 | 090401t1983 xxu||||| |||| 00| 0 eng d | ||
| 035 | _a(Sirsi) u62619 | ||
| 041 | _aeng | ||
| 050 | _a692.8 | ||
| 100 | _aAudas, J.M. | ||
| 245 | _aExtensions of time - 1 | ||
| 260 |
_aAscot, Berks _bThe Chartered Institute of Building _c1983 |
||
| 300 | _a11p. 30cm | ||
| 350 | _a0 | ||
| 490 |
_aCIOB Technical Information Service _pSurveying _v21 |
||
| 942 | _n0 | ||
| 948 | _c04/03/1997 | ||
| 999 |
_c94457 _d94457 |
||